| 000 | 00825nam a2200241 i 4500 | ||
|---|---|---|---|
| 001 | 60054 | ||
| 003 | ES-MaACL | ||
| 005 | 20250827062607.0 | ||
| 007 | t| | ||
| 008 | 031103s1984 sp ||||1| spa d | ||
| 110 | 1 |
_aEspaña _93622 |
|
| 240 | 1 | 0 | _aLeyes, etc., de arrendamientos rústicos |
| 245 | 1 | 0 |
_aArrendamientos rústicos y legislación agraria básica / _cedición preparada por José Mª Gil-Robles y Gil-Delgado. |
| 250 | _a[1ª ed.]. | ||
| 260 |
_a[Madrid] : _bCivitas, _c[1984] |
||
| 300 |
_a359 p. ; _c16 cm. |
||
| 490 | 1 | _aBiblioteca de legislación. Civitas | |
| 700 | 1 |
_aGil-Robles Gil-Delgado, José María. _956870 |
|
| 740 | 0 | _aLeyes, etc., arrendamientos rústicos. | |
| 830 | 0 |
_aBiblioteca de legislación (Civitas) _9182036 |
|
| 852 |
_aES-MaACL _jL-6932 _bR.106590 |
||
| 999 |
_c60054 _d60054 |
||